| 000 | 00790nam a22002532 4500 | ||
|---|---|---|---|
| 001 | 0000005375 | ||
| 005 | 20151217145824.0 | ||
| 008 | 070612s xx 000 0 eng d | ||
| 020 | _a0070342776 (vol. 1) : | ||
| 020 |
_a0070342784 (vol. 2) : _cKES 300 (don.) |
||
| 040 |
_aKABU _cKABU |
||
| 050 | 0 |
_aZ711 _b.K32 1997 |
|
| 100 | 1 |
_aKatz, William A. _@0000156657 |
|
| 245 | 1 | 0 |
_aIntroduction to reference work / _cWilliam A. Katz. |
| 250 | _a7th ed. | ||
| 260 |
_aBoston, Massachusetts : _bMcGraw-Hill, _c1997. |
||
| 300 | _a2 v. | ||
| 500 | _aLibrary has vol. 2. | ||
| 650 | 0 |
_aReference services (Libraries) _@0000156658 |
|
| 650 | 0 |
_aReference books _xBibliography. _@0000156659 |
|
| 908 | _a070612 | ||
| 950 | _@1 | ||
| 999 |
_c2952 _d2952 |
||